[Event "ch-FRA Blitz Online Qual"]
[Site "Europe-Chess INT"]
[Date "2020.05.16"]
[Round "3"]
[White "Oney, Remel"]
[Black "Dazi, Adam"]
[Result "1-0"]
[WhiteElo "1781"]
[BlackElo "1336"]
[WhiteFideId "6310125"]
[BlackFideId "45106959"]
[EventDate "2020.05.16"]

1. d4 d5 2. Bf4 Bf5 3. e3 e6 4. Bd3 Bxd3 5. cxd3 c5 6. Nf3 Nc6 7. O-O Nf6 8.
dxc5 Bxc5 9. d4 Bd6 10. Ne5 Qc7 11. Nc3 Nxe5 12. dxe5 Bxe5 13. Qa4+ Nd7 14. Rac1
Bxf4 15. Nxd5 Qd8 16. Nxf4 O-O 17. Rfd1 Nb6 18. Rxd8 Nxa4 19. Rxf8+ Kxf8 20. b3
Nb6 21. Rc7 Rb8 22. Kf1 Nd5 23. Nxd5 exd5 24. Rd7 Ke8 25. Rxd5 Rc8 26. Ke2 Rc2+
27. Rd2 Rc1 28. Kd3 Rg1 29. g3 g5 30. Ke4 Rg2 31. h3 Rh2 32. Kf5 h6 33. Kg4 Ke7
34. h4 f5+ 35. Kxf5 gxh4 36. gxh4 Rxh4 37. f4 Rh1 38. e4 h5 39. e5 h4 40. e6 Re1
41. Rd7+ Ke8 42. Rh7 Rh1 43. Kf6 h3 44. Rh8# 1-0

[Event "ch-FRA Blitz Online Qual"]
[Site "Europe-Chess INT"]
[Date "2020.05.16"]
[Round "3"]
[White "Huynh, Nicolas"]
[Black "Flores, Christophe"]
[Result "0-1"]
[WhiteElo "1836"]
[BlackElo "1332"]
[WhiteFideId "36081302"]
[BlackFideId "45163758"]
[EventDate "2020.05.16"]

1. e4 Nc6 2. Nf3 f5 3. e5 d6 4. exd6 e5 5. d3 cxd6 6. Nc3 Nf6 7. Be2 Be7 8. O-O
O-O 9. Re1 Be6 10. Ng5 Bd7 11. f4 h6 12. Nh3 Qc7 13. Bf3 Nd4 14. Be3 Nxf3+ 15.
Qxf3 Bc6 16. Qe2 Rae8 17. Rac1 Ng4 18. Kh1 Nxe3 19. Qxe3 exf4 20. Nxf4 Bg5 21.
Qf2 d5 22. Nce2 Re7 23. Rcd1 Rfe8 24. Kg1 Bf6 0-1

[Event "ch-FRA Blitz Online Qual"]
[Site "Europe-Chess INT"]
[Date "2020.05.16"]
[Round "3"]
[White "Richard, Maxime"]
[Black "Afraoui, Anaelle"]
[Result "0-1"]
[BlackTitle "WFM"]
[WhiteElo "1436"]
[BlackElo "2120"]
[WhiteFideId "20643411"]
[BlackFideId "20654383"]
[EventDate "2020.05.16"]

1. d4 d6 2. c4 Nf6 3. Nc3 e5 4. dxe5 dxe5 5. Qxd8+ Kxd8 6. e4 Nfd7 7. Nf3 f6 8.
Be3 c6 9. Bd3 a5 10. O-O Kc7 11. a3 a4 12. Bc2 Nc5 13. Bxc5 Bxc5 14. Nxa4 Be7
15. b4 Be6 16. c5 Nd7 17. Nd2 Nf8 18. Bb3 Bxb3 19. Nxb3 Rxa4 20. Rfd1 Ra8 21.
Rd3 Ne6 22. a4 Rhd8 23. Rxd8 Rxd8 24. Kf1 Nd4 25. Nd2 Nc2 26. Rb1 Rxd2 27. g3
Rd4 28. b5 cxb5 29. axb5 Bxc5 30. Rc1 Rc4 31. Ke2 Nd4+ 32. Kd2 Nb3+ 33. Kd1
Rxc1+ 0-1

[Event "ch-FRA Blitz Online Qual"]
[Site "Europe-Chess INT"]
[Date "2020.05.16"]
[Round "3"]
[White "Demarche, Laurent"]
[Black "Oumer, Walid"]
[Result "0-1"]
[WhiteElo "1835"]
[BlackElo "1365"]
[WhiteFideId "609757"]
[BlackFideId "551016630"]
[EventDate "2020.05.16"]

1. d3 Nf6 2. Nd2 g6 3. e4 d6 4. Ngf3 Bg7 5. Be2 O-O 6. O-O e5 7. c3 Nc6 8. d4
exd4 9. cxd4 Re8 10. Bd3 Bg4 11. d5 Ne5 12. Be2 Bxf3 13. Bxf3 Nxf3+ 14. gxf3 Nh5
15. Nc4 Qh4 16. Be3 Nf4 17. Bxf4 Qxf4 18. Kh1 f5 19. Rg1 fxe4 20. Rg4 Qxf3+ 21.
Qxf3 exf3 22. Rb1 Re2 23. Kg1 Bh6 24. h4 b5 25. Na3 a6 26. h5 Kg7 27. hxg6 hxg6
28. Rg3 Rf8 29. Kf1 Rd2 30. Rc1 Rxd5 31. Rxc7+ Kh8 32. Ra7 Rd1# 0-1

[Event "ch-FRA Blitz Online Qual"]
[Site "Europe-Chess INT"]
[Date "2020.05.16"]
[Round "3"]
[White "Gatineau, Milann"]
[Black "Prevot, Rodolphe"]
[Result "0-1"]
[WhiteElo "1390"]
[BlackElo "1871"]
[WhiteFideId "36044199"]
[BlackFideId "20600755"]
[EventDate "2020.05.16"]

1. d4 Nf6 2. Bf4 d5 3. Nf3 e6 4. e3 Bd6 5. Bxd6 Qxd6 6. Bd3 Nbd7 7. Nbd2 O-O 8.
O-O e5 9. dxe5 Nxe5 10. Nxe5 Qxe5 11. Nf3 Qe7 12. Qe2 Re8 13. Rad1 c6 14. Rfe1
Ne4 15. Nd2 Bf5 16. h3 Bg6 17. Nf3 Rad8 18. Nd4 Qg5 19. Nf3 Qh5 20. c4 Re7 21.
Qc2 Rde8 22. cxd5 cxd5 23. Qb3 Nc5 24. Bxg6 hxg6 25. Qxd5 Qxd5 26. Rxd5 Ne4 27.
Red1 b6 28. Nd4 Nf6 29. Rb5 Rd8 30. Re1 Red7 31. Kh2 Nd5 32. Nc6 Rc8 33. Nd4 Nf6
34. f3 Re7 35. Rb3 Rce8 36. Rd3 Nd5 37. e4 Nf4 38. Rde3 Nd5 39. e5 Nxe3 40. Rxe3
Rxe5 41. Rd3 Rd5 42. Rd2 Red8 0-1

[Event "ch-FRA Blitz Online Qual"]
[Site "Europe-Chess INT"]
[Date "2020.05.16"]
[Round "3"]
[White "Zeller, Thomas"]
[Black "Nguyen, Theo"]
[Result "1-0"]
[WhiteElo "1792"]
[BlackElo "1309"]
[WhiteFideId "26057069"]
[BlackFideId "551068591"]
[EventDate "2020.05.16"]

1. e4 c5 2. Nf3 d6 3. d4 cxd4 4. Qxd4 Nc6 5. Bb5 Bd7 6. Qd3 Nf6 7. c4 e6 8. Bxc6
Bxc6 9. Nc3 Be7 10. O-O O-O 11. Bg5 h6 12. Bh4 Qc7 13. Rfd1 Rad8 14. Nd4 Bd7 15.
Ndb5 Qb8 16. Bxf6 Bxf6 17. Qxd6 Qxd6 18. Nxd6 Bc6 19. f3 Rd7 20. Ndb5 Rxd1+ 21.
Rxd1 a6 22. Na3 Rc8 23. f4 Bxc3 24. bxc3 Bxe4 25. Kf2 Kf8 26. g3 Ke7 27. Ke3 Bf5
28. Rd4 Rc6 29. Kf3 h5 30. Ke3 Rd6 31. Kd2 Kd7 32. Nc2 a5 33. Ne3 Bg6 34. c5 Kc6
35. Rxd6+ Kxc5 36. Rd7 Kc6 37. Re7 b6 38. Nc4 Kd5 39. Ne5 Kd6 40. Nxg6 fxg6 41.
Rxg7 g5 42. Rxg5 1-0

[Event "ch-FRA Blitz Online Qual"]
[Site "Europe-Chess INT"]
[Date "2020.05.16"]
[Round "3"]
[White "Nezosi, Constantin"]
[Black "Geronimi, Jean-Thomas"]
[Result "0-1"]
[WhiteElo "1458"]
[BlackElo "1827"]
[WhiteFideId "36066974"]
[BlackFideId "36098515"]
[EventDate "2020.05.16"]

1. e4 c5 2. f4 d5 3. exd5 Qxd5 4. Nc3 Qd8 5. Nf3 Nc6 6. Bb5 Bd7 7. O-O Nf6 8. d3
g6 9. Be3 b6 10. Bxc6 Bxc6 11. Ne5 Bb7 12. Nc4 Bg7 13. Ne2 Qd5 14. Rf2 Ng4 15.
Rf3 Nxe3 16. Nxe3 Qd7 17. Rg3 Bxb2 18. Rb1 Bd4 19. c3 Bxe3+ 20. Rxe3 O-O 21. Rg3
Rfd8 22. Qf1 Kh8 23. f5 Qxf5 24. Qxf5 gxf5 25. Rf1 e6 26. Rf4 Rd7 27. Rh4 Rg8
28. Rgh3 Rxg2+ 29. Kf1 Rg7 30. Nf4 e5 31. Nh5 Bg2+ 32. Kf2 Bxh3 33. Nxg7 Kxg7
34. Rxh3 e4 35. dxe4 fxe4 36. Ke3 Rd3+ 0-1

[Event "ch-FRA Blitz Online Qual"]
[Site "Europe-Chess INT"]
[Date "2020.05.16"]
[Round "3"]
[White "Sabapathee, Florian"]
[Black "Vine, Guillaume"]
[Result "0-1"]
[WhiteElo "1444"]
[BlackElo "1824"]
[WhiteFideId "45195951"]
[BlackFideId "20654219"]
[EventDate "2020.05.16"]

1. e4 c6 2. d4 d5 3. Nc3 dxe4 4. Nxe4 Nf6 5. Bd3 Nbd7 6. Nf3 Nxe4 7. Bxe4 Nf6 8.
Bd3 Bg4 9. Be3 e6 10. O-O Bd6 11. h3 Bh5 12. c4 O-O 13. a3 Qc7 14. b4 Rad8 15.
Be2 Bg6 16. Nh4 Bf4 17. Nxg6 hxg6 18. g3 Bxg3 19. fxg3 Qxg3+ 20. Kh1 Qxh3+ 21.
Kg1 Qxe3+ 22. Kh1 Qh3+ 23. Kg1 Ne4 24. Bf3 Qg3+ 25. Kh1 Nf2+ 26. Rxf2 Qxf2 27.
Qe2 Qxe2 28. Bxe2 Rxd4 29. Kg2 Rfd8 30. Bf3 Rd2+ 31. Kg3 R8d3 32. b5 e5 33. Kg4
f5+ 34. Kg3 e4 35. Rf1 Rxf3+ 36. Rxf3 exf3 37. Kxf3 Rd3+ 38. Ke2 Rxa3 39. bxc6
bxc6 40. c5 Rc3 41. Kd2 Rxc5 42. Kd3 Rb5 43. Kd2 a5 44. Kd3 a4 45. Kd2 a3 46.
Kd3 a2 47. Kd2 a1=R 48. Kd3 Ra4 49. Kd2 Rb3 50. Kc2 Rg3 51. Kb2 Rh4 52. Kc2 Rh2+
53. Kd1 Rg1# 0-1

[Event "ch-FRA Blitz Online Qual"]
[Site "Europe-Chess INT"]
[Date "2020.05.16"]
[Round "3"]
[White "Mallevaey, Guillaume"]
[Black "Ngomane, Max"]
[Result "1/2-1/2"]
[WhiteElo "1823"]
[BlackElo "1278"]
[WhiteFideId "26026120"]
[BlackFideId "651049791"]
[EventDate "2020.05.16"]

1. c4 c5 2. g3 e6 3. Bg2 Nc6 4. Nf3 b6 5. Nc3 Bb7 6. O-O d5 7. cxd5 exd5 8. d4
Bd6 9. Bg5 f6 10. Be3 cxd4 11. Nxd4 Nxd4 12. Qxd4 Ne7 13. Nxd5 Bc5 14. Qc4 Bxe3
15. Nxe3 Bxg2 16. Kxg2 Rc8 17. Qb5+ Kf7 18. Rfd1 Qc7 19. Qb3+ Kg6 20. Qd3+ Kf7
21. Qb3+ Kg6 22. h4 h6 23. Qd3+ Kf7 24. a4 Rhe8 25. b4 Red8 26. Qb3+ Ke8 27.
Rxd8+ Rxd8 28. Qb2 Kf8 29. Rc1 Qb7+ 30. Kg1 Nd5 31. Nxd5 Qxd5 32. Qc3 Qd2 33.
Rc2 Qd1+ 34. Kg2 Qd5+ 35. Qf3 Qxf3+ 36. Kxf3 Rd4 37. Rb2 a5 38. bxa5 bxa5 39.
Ra2 Rb4 40. e3 Ke7 41. Ke2 Kd6 42. Kd3 Kc5 43. f3 Rb3+ 44. Kd2 Kb4 45. g4 Ra3
46. Rb2+ Kxa4 47. f4 Rb3 48. Rxb3 Kxb3 49. e4 a4 50. e5 a3 51. e6 a2 52. e7 a1=Q
53. e8=Q Qd4+ 54. Ke2 Qxf4 55. Qb5+ Kc3 56. Qa5+ Qb4 57. Qxb4+ Kxb4 58. Ke3 Kc5
59. Ke4 Kd6 60. Kf5 Ke7 61. Kg6 Kf8 62. Kf5 Kf7 63. g5 g6+ 64. Kf4 h5 65. gxf6
Kxf6 66. Ke4 g5 67. hxg5+ Kxg5 68. Kf3 h4 69. Kg2 Kg4 70. Kh2 Kh5 71. Kh3 Kg5
72. Kh2 Kg4 73. Kh1 Kh3 74. Kg1 Kg3 75. Kh1 Kh3 76. Kg1 Kg3 77. Kh1 h3 78. Kg1
h2+ 79. Kh1 Kh3 1/2-1/2

[Event "ch-FRA Blitz Online Qual"]
[Site "Europe-Chess INT"]
[Date "2020.05.16"]
[Round "3"]
[White "Capouilliet, Sylvain"]
[Black "Dincov, Ioan"]
[Result "1-0"]
[WhiteElo "1821"]
[BlackElo "1549"]
[WhiteFideId "660337"]
[BlackFideId "45118612"]
[EventDate "2020.05.16"]

1. d4 e5 2. dxe5 Nc6 3. Nf3 Qe7 4. Nc3 Nxe5 5. Nxe5 Qxe5 6. e4 Bb4 7. Qd3 Nf6 8.
f3 d5 9. Qb5+ Bd7 10. Qxb4 dxe4 11. Nxe4 O-O-O 12. Bd3 Rhe8 13. O-O Nxe4 14.
Bxe4 f5 15. Qxb7# 1-0

[Event "ch-FRA Blitz Online Qual"]
[Site "Europe-Chess INT"]
[Date "2020.05.16"]
[Round "3"]
[White "Thibous, Leo"]
[Black "Larmet, Nino"]
[Result "0-1"]
[WhiteElo "1380"]
[BlackElo "1818"]
[WhiteFideId "45136084"]
[BlackFideId "45105219"]
[EventDate "2020.05.16"]

1. Nf3 d5 2. c4 e6 3. b3 c6 4. Bb2 f5 5. e3 Nf6 6. Be2 Bd6 7. Nc3 O-O 8. h3 Nbd7
9. d4 Ne4 10. a3 Ndf6 11. c5 Bc7 12. b4 a6 13. a4 Nxc3 14. Bxc3 Ne4 15. Qc2 Bd7
16. O-O g5 17. Rfb1 g4 18. hxg4 fxg4 19. Nd2 Qh4 20. Nxe4 Qh2+ 21. Kf1 Qh1# 0-1

[Event "ch-FRA Blitz Online Qual"]
[Site "Europe-Chess INT"]
[Date "2020.05.16"]
[Round "3"]
[White "Gouja, Wissem"]
[Black "Iglesias, Christophe"]
[Result "0-1"]
[WhiteElo "1346"]
[BlackElo "1815"]
[WhiteFideId "551013800"]
[BlackFideId "551007584"]
[EventDate "2020.05.16"]

1. e4 c6 2. d4 d5 3. exd5 cxd5 4. Bd3 Nc6 5. Nf3 Bg4 6. c3 e6 7. Nbd2 Bd6 8. h3
Bh5 9. O-O Nge7 10. Qc2 Bg6 11. Re1 Rc8 12. Ne5 Nxd4 13. Qa4+ Ndc6 14. Nxc6 bxc6
15. Bxg6 Nxg6 16. Qxa7 O-O 17. Nf3 e5 18. a4 Re8 19. a5 e4 20. Nd4 c5 21. Nf5
Bf4 22. Bxf4 Nxf4 23. Qb6 Qg5 24. Ng3 h5 25. h4 Qxh4 0-1

[Event "ch-FRA Blitz Online Qual"]
[Site "Europe-Chess INT"]
[Date "2020.05.16"]
[Round "3"]
[White "Gimenez, Adrien"]
[Black "Rebut, Paul"]
[Result "0-1"]
[WhiteElo "1591"]
[BlackElo "1966"]
[WhiteFideId "36069094"]
[BlackFideId "45111057"]
[EventDate "2020.05.16"]

1. e4 c5 2. Nc3 Nc6 3. g3 g6 4. Bg2 Bg7 5. Nge2 d6 6. d3 e6 7. Be3 Nge7 8. O-O
O-O 9. Qd2 Rb8 10. Bh6 b5 11. Bxg7 Kxg7 12. f4 b4 13. Nd1 d5 14. e5 Nf5 15. Ne3
Nxe3 16. Qxe3 Ba6 17. Qxc5 Qb6 18. Qxb6 Rxb6 19. d4 Bxe2 20. Rf2 Ba6 21. Rd1 Rc8
22. c3 bxc3 23. bxc3 Na5 24. Rc1 Nc4 25. Bf1 Rcb8 26. Bxc4 Bxc4 27. Rcc2 Rb1+
28. Kg2 h5 29. h3 a5 30. g4 hxg4 31. hxg4 a4 32. a3 Ra1 33. f5 Rxa3 34. fxe6
fxe6 35. Rf6 Re8 36. g5 Ra2 37. Rff2 Rxc2 38. Rxc2 a3 39. Rc1 Rf8 40. Ra1 a2 41.
Kg3 Rf1 0-1

[Event "ch-FRA Blitz Online Qual"]
[Site "Europe-Chess INT"]
[Date "2020.05.16"]
[Round "3"]
[White "Vidoni, Salma"]
[Black "Villeneuve, Samuel"]
[Result "0-1"]
[WhiteElo "1309"]
[BlackElo "1807"]
[WhiteFideId "45107556"]
[BlackFideId "20642105"]
[EventDate "2020.05.16"]

1. d4 d5 2. Nf3 Nf6 3. Bf4 c5 4. c3 Nc6 5. e3 Bf5 6. Nbd2 e6 7. Be2 Qb6 8. Qc1
Be7 9. h3 h6 10. O-O O-O 11. Ne5 Rfd8 12. Ndf3 Ne4 13. Bd3 f6 14. Nxc6 bxc6 15.
Qc2 c4 16. Be2 Ng3 17. Qd2 Nxf1 18. Rxf1 Bd6 19. Bxd6 Rxd6 20. Nh4 Bh7 21. Bf3
Rb8 22. Qe2 Qxb2 23. Qxb2 Rxb2 24. Bg4 Kf7 25. Ra1 Rd7 26. a4 Rdb7 27. Nf3 Rb1+
28. Rxb1 Rxb1+ 29. Kh2 Ra1 30. g3 Rxa4 31. Nh4 Ra2 32. Kg2 Be4+ 33. Bf3 Bxf3+
34. Kxf3 a5 35. Ng2 a4 36. Nf4 a3 37. Ne2 Rxe2 38. Kxe2 a2 39. Kf3 a1=Q 40. h4
Qxc3 41. Kf4 Qd3 42. g4 g5+ 43. hxg5 hxg5+ 44. Kg3 c3 45. Kf3 c2 46. Kg3 c1=Q
47. Kf3 Qcd1+ 48. Kg3 Qg1+ 49. Kf3 Qe4+ 50. Ke2 Qgxg4+ 51. Kd2 Qgg2 52. Ke2
Qgf3+ 53. Kd2 Qxf2+ 54. Kc3 Qfc2+ 55. Kb4 Qc4+ 56. Ka5 Qb5# 0-1

[Event "ch-FRA Blitz Online Qual"]
[Site "Europe-Chess INT"]
[Date "2020.05.16"]
[Round "3"]
[White "Kieffer, Anatole"]
[Black "Krajewski, Thomas"]
[Result "1-0"]
[WhiteElo "2094"]
[BlackElo "1273"]
[WhiteFideId "20650027"]
[BlackFideId "45103429"]
[EventDate "2020.05.16"]

1. e4 d5 2. exd5 Qxd5 3. Nc3 Qd8 4. d4 Nf6 5. Bc4 Bg4 6. f3 Bh5 7. Nge2 e6 8.
O-O Be7 9. Nf4 Bg6 10. Nxg6 hxg6 11. Ne4 Nbd7 12. c3 c6 13. Bf4 Nd5 14. Nd6+
Bxd6 15. Bxd6 N7f6 16. Ba3 Ne3 17. Qe2 Nxf1 18. Rxf1 Qc7 19. f4 Nd5 20. g3 Nb6
21. Bb3 a5 22. Re1 Nd5 23. Bxd5 cxd5 24. Qb5+ Qc6 25. Qd3 b5 26. b3 Qb6 27. Bc5
Qb7 28. c4 dxc4 29. bxc4 bxc4 30. Qxc4 Qa6 31. Qa4+ Kd8 32. Rb1 Qe2 33. Bb6+ Ke7
34. Qa3+ Kf6 35. h4 Qg4 36. d5 Rxh4 37. Bd4+ Kf5 38. Qd3# 1-0

[Event "ch-FRA Blitz Online Qual"]
[Site "Europe-Chess INT"]
[Date "2020.05.16"]
[Round "3"]
[White "Thibous, Mathis"]
[Black "Nguyen, Thao Nhi"]
[Result "0-1"]
[WhiteElo "1313"]
[BlackElo "1951"]
[WhiteFideId "45163014"]
[BlackFideId "36000310"]
[EventDate "2020.05.16"]

1. d4 Nf6 2. c4 e5 3. dxe5 Ng4 4. Nc3 Nc6 5. g3 Bc5 6. e3 Ngxe5 7. b3 Bb4 8. Bb2
d6 9. Bg2 Bf5 10. e4 Bg4 11. Qc2 O-O 12. h3 Bd7 13. Ne2 f5 14. O-O fxe4 15. Nxe4
Bf5 16. a3 Ba5 17. b4 Bb6 18. Qb3 Be6 19. Rac1 a5 20. b5 a4 21. Qc2 Na5 22. Bxe5
dxe5 23. c5 Ba7 24. Qb2 Nc4 25. Qa1 Qe7 26. c6 bxc6 27. bxc6 Rad8 28. Rfd1 Rxd1+
29. Rxd1 Qxa3 30. Qxa3 Nxa3 31. Ra1 Nc4 32. Rxa4 Bb6 33. N2c3 Nd6 34. Nxd6 cxd6
35. Ne4 Bd5 36. Kh1 Bxc6 37. Ra6 Bxe4 38. Bxe4 Bxf2 39. Rxd6 Bxg3 40. Re6 Rd8
41. Kg2 Bf4 42. Kf3 Kf7 43. Ra6 h6 44. Kg4 g5 45. Bg6+ Kg7 46. Bh5 e4 47. Ra7+
Kf6 48. Ra6+ Rd6 49. Ra7 e3 50. Rh7 Ke5 51. Re7+ Kd4 52. Kf3 Kd3 53. h4 Rd5 54.
Bg4 Re5 55. Rd7+ Kc3 56. Ke2 gxh4 57. Rc7+ Kd4 58. Rd7+ Rd5 59. Rh7 Re5 60. Bf3
h3 61. Rd7+ Kc3 62. Rc7+ Kb4 63. Rb7+ Rb5 64. Rf7 Bg5 65. Bc6 Rb6 66. Bh1 h2 67.
Rf3 Rd6 68. Kf1 Rd1+ 69. Kg2 e2 70. Kxh2 e1=Q 71. Kh3 Qxh1+ 72. Kg4 Qh4+ 73. Kf5
Rd5+ 74. Ke6 Qe4+ 75. Kf7 Qe7+ 76. Kg6 Qe8+ 77. Kg7 Rd7+ 78. Rf7 Qxf7+ 79. Kh8
Qh7# 0-1

[Event "ch-FRA Blitz Online Qual"]
[Site "Europe-Chess INT"]
[Date "2020.05.16"]
[Round "3"]
[White "Hassler, Tim"]
[Black "Courjal, Juliette"]
[Result "0-1"]
[WhiteElo "1933"]
[BlackElo "1388"]
[WhiteFideId "36052566"]
[BlackFideId "45147833"]
[EventDate "2020.05.16"]

1. e4 e5 2. Bc4 Nf6 3. d3 Nc6 4. Nc3 Bc5 5. Bg5 Bb4 6. Ne2 h6 7. Bh4 O-O 8. O-O
Be7 9. Nd5 g5 10. Bg3 Kh7 11. h4 Rg8 12. hxg5 Rxg5 13. f4 exf4 14. Bxf4 Rg6 15.
Nxf6+ Bxf6 16. Bxf7 Rg7 17. Bh5 Qg8 18. g3 Be5 19. Qd2 Bxf4 20. Qxf4 d6 21. Kh2
Be6 22. d4 Rg5 23. Bf7 Qg7 24. Bxe6 Nxd4 25. Nxd4 Qxd4 26. Qf7+ Rg7 27. Bf5+ Kh8 0-1

[Event "ch-FRA Blitz Online Qual"]
[Site "Europe-Chess INT"]
[Date "2020.05.16"]
[Round "3"]
[White "Nomel, Mathis"]
[Black "Gratton, Alexandre"]
[Result "1/2-1/2"]
[WhiteElo "1262"]
[BlackElo "1792"]
[WhiteFideId "36054399"]
[BlackFideId "551063689"]
[EventDate "2020.05.16"]

1. d4 Nf6 2. c4 e6 3. Nf3 d5 4. Nc3 Bb4 5. e3 O-O 6. g3 b6 7. Bg2 Bb7 8. O-O
dxc4 9. Qa4 Bd6 10. Qxc4 a6 11. a3 Nbd7 12. Qd3 b5 13. e4 e5 14. d5 Nc5 15. Qc2
h6 16. b4 Ncd7 17. Be3 Rc8 18. Rac1 Qe7 19. Nh4 Nb6 20. Nf5 Qd7 21. Qd2 Nc4 22.
Qe2 Nxe3 23. Qxe3 a5 24. Bh3 1/2-1/2

[Event "ch-FRA Blitz Online Qual"]
[Site "Europe-Chess INT"]
[Date "2020.05.16"]
[Round "3"]
[White "Paralieu, Maxime"]
[Black "Acudad, Marsuk"]
[Result "0-1"]
[WhiteElo "1569"]
[BlackElo "1665"]
[WhiteFideId "45154171"]
[BlackFideId "689157"]
[EventDate "2020.05.16"]

1. d4 Nf6 2. c4 e6 3. Nf3 d5 4. g3 Bb4+ 5. Bd2 Bxd2+ 6. Qxd2 O-O 7. Bg2 Nbd7 8.
O-O c6 9. Nc3 dxc4 10. e3 b5 11. a4 b4 12. Na2 a5 13. Rfc1 Ba6 14. Bf1 c3 15.
Qc2 Qb6 16. Bxa6 b3 17. Qe2 bxa2 18. Rxc3 Qxa6 19. Qc2 Nd5 20. Rb3 Nb4 21. Qc3
Rfd8 22. Nd2 Qe2 23. Ne4 Nc2 24. Rxa2 Ne5 0-1

[Event "ch-FRA Blitz Online Qual"]
[Site "Europe-Chess INT"]
[Date "2020.05.16"]
[Round "3"]
[White "Mouret, Paul"]
[Black "Leonardy, Batiste"]
[Result "0-1"]
[WhiteElo "1748"]
[BlackElo "1177"]
[WhiteFideId "36059170"]
[BlackFideId "36062880"]
[EventDate "2020.05.16"]

1. e4 c5 2. Nc3 Nc6 3. g3 g6 4. Bg2 Bg7 5. d3 e6 6. Be3 b6 7. Qd2 Nge7 8. Bh6
O-O 9. h4 Bxh6 10. Qxh6 f6 11. Qd2 d5 12. exd5 exd5 13. Nge2 Bg4 14. Nf4 Ne5 15.
O-O d4 16. Ne4 N7c6 17. f3 Bf5 18. Nf2 Bd7 19. Ne2 Rc8 20. Rfe1 Ne7 21. Kh1 Nf5
22. g4 Nxh4 23. Ng3 Nhxf3 24. Qf4 Nxe1 25. Rxe1 Qc7 26. Qh6 Nxg4 27. Nxg4 Bxg4
28. Bd5+ Rf7 29. Ne4 Rf8 30. Rf1 Bf5 31. Bxf7+ Rxf7 32. Qf4 Qxf4 33. Rxf4 Bxe4+
34. Rxe4 f5 35. Re8+ Kg7 36. Ra8 f4 37. Kg2 f3+ 38. Kf2 g5 39. Re8 g4 40. Re4
g3+ 41. Kf1 g2+ 42. Kf2 Rf6 43. Re1 h5 0-1

[Event "ch-FRA Blitz Online Qual"]
[Site "Europe-Chess INT"]
[Date "2020.05.16"]
[Round "3"]
[White "Batout, Ethan"]
[Black "Goyer, Lionel"]
[Result "1-0"]
[WhiteElo "1267"]
[BlackElo "1782"]
[WhiteFideId "551081806"]
[BlackFideId "20628706"]
[EventDate "2020.05.16"]

1. d4 d5 2. c4 e6 3. Nc3 dxc4 4. e4 c6 5. Bxc4 b5 6. Bb3 Bb7 7. Nf3 a6 8. O-O
Nd7 9. Re1 Ngf6 10. Bg5 Be7 11. h3 O-O 12. Qc2 Rc8 13. Rad1 Qc7 14. e5 Nd5 15.
Nxd5 cxd5 16. Qxc7 Rxc7 17. Bxe7 Rfc8 18. Bd6 Rc6 19. Re2 Nb6 20. Bc5 Nc4 21.
Bxc4 dxc4 22. Rc2 Rd8 23. b3 Rxc5 24. bxc4 Rxc4 25. Rxc4 bxc4 26. Kf1 Bxf3 27.
gxf3 f6 28. exf6 gxf6 29. Ke2 Kf7 30. f4 Kg6 31. Ke3 Kf5 32. f3 e5 33. fxe5 fxe5
34. d5 Rd6 35. h4 h6 36. a3 Rb6 37. d6 Rb8 38. Rc1 Rb3+ 39. Ke2 Rd3 40. Rxc4
Rxd6 41. a4 Rb6 42. Kd3 Rb3+ 43. Ke2 Rb2+ 44. Ke3 Ra2 45. Rc6 Rxa4 46. Rxh6 Ra3+
47. Kf2 Kf4 48. Rf6# 1-0

[Event "ch-FRA Blitz Online Qual"]
[Site "Europe-Chess INT"]
[Date "2020.05.16"]
[Round "3"]
[White "Commin-Humeau, Augustin"]
[Black "Menoux, Abel"]
[Result "1-0"]
[WhiteElo "1971"]
[BlackElo "1141"]
[WhiteFideId "26093006"]
[BlackFideId "36087173"]
[EventDate "2020.05.16"]

1. e4 c6 2. c4 d5 3. cxd5 cxd5 4. exd5 Nf6 5. Nc3 Bg4 6. Nf3 Nxd5 7. Be2 Nxc3 8.
bxc3 e6 9. Qa4+ Nc6 10. Qxg4 Qf6 11. O-O Bd6 12. Qg5 Qxg5 13. Nxg5 O-O 14. d4 g6
15. Rb1 Rab8 16. Ne4 Bc7 17. Nf6+ Kg7 18. Nd7 Rfd8 19. Nxb8 Rxb8 20. Be3 e5 21.
dxe5 Nxe5 22. Bd4 Re8 23. f4 Bb6 24. fxe5 Rxe5 25. Rxb6 axb6 26. Bxe5+ Kf8 27.
Bf6 Ke8 28. Rd1 Kf8 29. Rd8# 1-0

[Event "ch-FRA Blitz Online Qual"]
[Site "Europe-Chess INT"]
[Date "2020.05.16"]
[Round "3"]
[White "Quenehen, Nassim"]
[Black "Redjem, Mohamed"]
[Result "0-1"]
[WhiteElo "1322"]
[BlackElo "1777"]
[WhiteFideId "45154198"]
[BlackFideId "20608128"]
[EventDate "2020.05.16"]

1. d4 d5 2. c4 e6 3. cxd5 exd5 4. Nc3 c6 5. e3 Nf6 6. Bd3 Bd6 7. Nf3 O-O 8. O-O
Bg4 9. h3 Bh5 10. e4 dxe4 11. Nxe4 Nxe4 12. Bxe4 Re8 13. Qd3 h6 14. Be3 Qe7 15.
Nd2 Nd7 16. Bf3 Bg6 17. Qb3 Nb6 18. Nc4 Nxc4 19. Qxc4 Rad8 20. d5 Qe5 21. g3
cxd5 22. Qxd5 Qxd5 23. Bxd5 b6 24. Bb3 Bxg3 25. fxg3 Rxe3 26. Kf2 Red3 27. Rfd1
Rd2+ 28. Kf3 R8d3+ 29. Kg4 h5+ 30. Kg5 Rxg3+ 31. Kh4 Rgd3 32. Rac1 Rd4+ 33. Kg3
h4+ 34. Kf3 Bh5+ 35. Ke3 Bxd1 36. Rxd1 Rxd1 37. Bxd1 Rxd1 38. Ke2 0-1

[Event "ch-FRA Blitz Online Qual"]
[Site "Europe-Chess INT"]
[Date "2020.05.16"]
[Round "3"]
[White "Fischler, Oscar"]
[Black "Launay, Maxence"]
[Result "1-0"]
[WhiteElo "1864"]
[BlackElo "1084"]
[WhiteFideId "45190186"]
[BlackFideId "551013231"]
[EventDate "2020.05.16"]

1. Nf3 d5 2. g3 Bf5 3. Bg2 Nc6 4. O-O e6 5. d3 Bg6 6. Nbd2 Be7 7. b3 Nf6 8. Bb2
O-O 9. h3 Nh5 10. Re1 Bf6 11. Bxf6 Qxf6 12. e4 dxe4 13. Nxe4 Bxe4 14. dxe4 Rfd8
15. Qe2 Qc3 16. Rad1 Nf6 17. e5 Nd5 18. Rd3 Qa5 19. a4 Ncb4 20. Rd2 Nc3 21. Qe3
Nbd5 22. Qd4 c5 23. Qh4 b5 24. axb5 Nxb5 25. c4 Nbc3 26. cxd5 Nxd5 27. Red1 Qb4
28. Qxb4 cxb4 29. Nh2 a5 30. Bxd5 exd5 31. Rxd5 Rxd5 32. Rxd5 g6 33. Rb5 a4 34.
bxa4 Rxa4 35. Nf3 Ra1+ 36. Kg2 Rb1 37. Nd2 Rb2 38. Nc4 Rb1 39. Na5 Ra1 40. Nc6
Ra6 41. Nxb4 Re6 42. Nd5 Kg7 43. Nc7 Rc6 44. Ne8+ Kf8 45. Nd6 Ke7 46. Rb7+ Ke6
47. Nxf7 h5 48. Nd8+ Kxe5 49. Nxc6+ Kd6 50. Rg7 Kxc6 51. Rxg6+ Kd5 52. Rg5+ Ke6
53. Rxh5 Kf6 54. f4 Kg6 55. Rg5+ Kh6 56. h4 Kh7 57. f5 Kh6 58. f6 Kh7 59. f7 Kh6
60. f8=Q+ Kh7 61. Qg7# 1-0